| 000 | 00715nam a22001937a 4500 | ||
|---|---|---|---|
| 999 |
_c13590 _d13590 |
||
| 003 | AR-CdUCM | ||
| 008 | 190415b ||||| |||| 00| 0 spa d | ||
| 020 | _a978-612-46455-1-8 | ||
| 040 |
_aMUNICIPALIDAD PROVINCIAL DEL CUSCO _cBIBLIOTECA MUNICIPAL DEL CUSCO |
||
| 082 |
_a300.1 / _bG38 |
||
| 100 |
_aGhassemi, Behrooz _932058 |
||
| 245 | _aHistoria, Economía Política e Interpretación Visual de los Vendedores Callejeros del Perú / | ||
| 260 |
_aLima : _bAaveha E.I.R.L. ; _c2014. |
||
| 300 |
_a280 páginas en español ; _a98 páginas en inglés ; _c25cm |
||
| 505 | _aContenido: Vendedores callejeros del Perú | ||
| 710 |
_aProducciones Illari _932059 |
||
| 942 |
_2ddc _cLIBROS |
||
| 945 |
_anom _d2019-04-15 |
||